000 00649nam a2200253Ia 4500
001 12632
005 20240113235406.0
007 ta
008 051022s1952 g b000 u 465 u
040 _aCotton College,Assam
041 _a465
082 _a374
_bUn 2 Un
110 _aUNESCO .
_c(Paris )
245 0 _aUniversities in Adult Education /
_cUNESCO.
_hTextual Documents
250 _a1st ed. /
260 _aParis :
_bUNESCO ,
_c1952.
300 _a172p. ;
_c21cm.
653 _aEducation
653 _aAdult Education-Universities
653 _aG-Education
942 _2ddc
_cBK
999 _c12618
_d12618